. عودة الروح (Record no. 15754)

MARC details
000 -LEADER
fixed length control field 00667nam a2200205 4500
008 - FIXED-LENGTH DATA ELEMENTS--GENERAL INFORMATION
fixed length control field b xx# ara u
010 ## - LIBRARY OF CONGRESS CONTROL NUMBER
LC control number 7163/4
040 ## - CATALOGING SOURCE
Original cataloging agency LB-BrCRDP
082 ## - DEWEY DECIMAL CLASSIFICATION NUMBER
Classification number F 892.73/H155a
100 1# - MAIN ENTRY--PERSONAL NAME
Personal name . الحكيم، توفيق يوسف
130 1# - MAIN ENTRY--UNIFORM TITLE
Language of a work AR
245 10 - TITLE STATEMENT
Title . عودة الروح
Statement of responsibility, etc. تويف يوسف الحكيم
250 ## - EDITION STATEMENT
Edition statement الطبعة الاولى
260 ## - PUBLICATION, DISTRIBUTION, ETC.
Place of publication, distribution, etc. بيروت
Name of publisher, distributor, etc. دار الكتاب اللبناني
Date of publication, distribution, etc. 1974
300 ## - PHYSICAL DESCRIPTION
Extent 2 ج. ؛
Dimensions 20 سم.
490 0# - SERIES STATEMENT
Series statement مكتبة توفيق الحكيم الشعبية ؛ 17و18
650 ## - SUBJECT ADDED ENTRY--TOPICAL TERM
Topical term or geographic name entry element القصة العربية
942 ## - ADDED ENTRY ELEMENTS (KOHA)
Koha item type Books
Holdings
Withdrawn status Lost status Source of classification or shelving scheme Damaged status Not for loan Home library Current library Shelving location Date acquired Serial Enumeration / chronology Total Checkouts Full call number Barcode Date last seen Copy number Price effective from Koha item type
    Dewey Decimal Classification     مكتبة المطبعة - سن الفيل مكتبة المطبعة - سن الفيل Salle de Lecture 07/28/2016 1   F/892.73 H155a CRF013541 07/28/2016 1 07/28/2016 Books
    Dewey Decimal Classification     مكتبة المطبعة - سن الفيل مكتبة المطبعة - سن الفيل Salle de Lecture 07/28/2016     F/892.73 H155a CRF013542 07/28/2016 1 07/28/2016 Books